| 000 | 00583nam a22001577a 4500 | ||
|---|---|---|---|
| 005 | 20120502124230.0 | ||
| 020 |
_a8180691705 _c550.00 |
||
| 035 | _aB-167365 | ||
| 037 |
_aDPL _bENG |
||
| 245 |
_aElectoral reforms in India / _cedited by Anjoo Sharan Upadhyaya |
||
| 260 |
_aNew Delhi _bConcept Publishing Company _c2005 |
||
| 300 |
_axv, 294p. _c20 cms. |
||
| 700 |
_aUpadhyaya, Anjoo Sharan _946203 |
||
| 942 |
_2ddc _cEN _h324.0954 _mELE |
||
| 999 |
_c65979 _d65979 |
||